LEADER 02556nam 2200649 a 450 001 9910451945203321 005 20200520144314.0 010 $a1-4462-6529-3 010 $a0-7619-5903-3 010 $a1-283-88054-7 010 $a1-4462-3303-0 035 $a(CKB)2550000000103823 035 $a(EBL)1024081 035 $a(OCoLC)823384435 035 $a(SSID)ssj0000697386 035 $a(PQKBManifestationID)12321564 035 $a(PQKBTitleCode)TC0000697386 035 $a(PQKBWorkID)10691291 035 $a(PQKB)10996513 035 $a(MiAaPQ)EBC1024081 035 $a(OCoLC)654271229 035 $a(StDuBDS)EDZ0000064114 035 $a(PPN)238400778 035 $a(Au-PeEL)EBL1024081 035 $a(CaPaEBR)ebr10567055 035 $a(CaONFJC)MIL419304 035 $a(EXLCZ)992550000000103823 100 $a20120327d2000 fy 0 101 0 $aeng 135 $aur|n|---||||| 181 $ctxt 182 $cc 183 $acr 200 10$aModernity and postmodernity$b[electronic resource] $eknowledge, power and the self /$fGerard Delanty 210 $aLondon $cSAGE$dc2000 215 $a1 online resource (211 p.) 300 $aDescription based upon print version of record. 311 $a1-4462-1825-2 311 $a0-7619-5904-1 320 $aIncludes bibliographical references and index. 327 $aCover; Contents; Preface and Acknowledgements; Introduction; Chapter 1 - The Discourses of Modernity; Chapter 2 - Modernity and Secularization; Chapter 3 - The Pathogenesis of Modernity; Chapter 4 - The Impossibility of Modernity; Chapter 5 - Rescuing Modernity; Chapter 6 - Postmodernism and the Possibility of Community; Chapter 7 - From Modernity to Postmodernity; Chapter 8 - Further Reflections; Notes; References; Index 330 8 $aGerard Delanty evaluates with economy and precision the work of the Frankfurt School, Arendy, Strauss, Luhmann, Habermas Heller, Castoriadis and Touraine. He then moves on to consider Lyotard, Vattimo, Derrida, Foucault and Jameson. 606 $aPostmodernism$xSocial aspects 606 $aSocial sciences$xPhilosophy 606 $aSociology$xPhilosophy 608 $aElectronic books. 615 0$aPostmodernism$xSocial aspects. 615 0$aSocial sciences$xPhilosophy. 615 0$aSociology$xPhilosophy. 676 $a300/.1 700 $aDelanty$b Gerard$0606996 801 0$bStDuBDS 801 1$bStDuBDS 906 $aBOOK 912 $a9910451945203321 996 $aModernity and postmodernity$91092508 997 $aUNINA LEADER 02359nam 2200589 a 450 001 9910779499703321 005 20230802005512.0 010 $a1-119-96152-1 010 $a1-283-54263-3 010 $a9786613855084 010 $a1-119-96151-3 035 $a(CKB)2550000000107722 035 $a(EBL)968082 035 $a(OCoLC)799762600 035 $a(SSID)ssj0000736910 035 $a(PQKBManifestationID)12367021 035 $a(PQKBTitleCode)TC0000736910 035 $a(PQKBWorkID)10782404 035 $a(PQKB)10580269 035 $a(MiAaPQ)EBC968082 035 $a(Au-PeEL)EBL968082 035 $a(CaPaEBR)ebr10580178 035 $a(CaONFJC)MIL385508 035 $a(EXLCZ)992550000000107722 100 $a20120728d2012 uy 0 101 0 $aeng 135 $aurcn||||||||| 181 $ctxt 182 $cc 183 $acr 200 14$aThe craft of the cut$b[electronic resource] $ethe Final Cut Pro X editor's handbook /$fMarios Chirton and Mark Riley 205 $a2nd ed. 210 $aChichester [England] $cWiley$d2012 215 $a1 online resource (384 p.) 300 $aIncludes index. 311 $a1-119-95173-9 327 $apt. 1. Preparing to edit -- pt. 2. The edit -- pt. 3. The craft of the edit -- pt. 4. After the edit -- pt. 5. Appendixes. 330 $aThe art of professional video editing Although technology is rapidly evolving, it is still complicated to edit video. This unique book not only teaches you the art of professional editing, it also gives you authentic professional experience. You'll be guided through a typical industry production workflow; you'll have access to raw footage, including alternate takes of each scene from a professional short film; and you'll make your own decisions. By the book's end, you'll have completed your own version of a film. It's the perfect primer for aspiring editors who want to ascend to i 606 $aDigital video$xEditing$xData processing 615 0$aDigital video$xEditing$xData processing. 676 $a777.55028553 676 $a778.59/3 676 $a778.593 700 $aChirton$b Marios$01481152 701 $aRiley$b Mark$01481153 801 0$bMiAaPQ 801 1$bMiAaPQ 801 2$bMiAaPQ 906 $aBOOK 912 $a9910779499703321 996 $aThe craft of the cut$93698034 997 $aUNINA